<?xml version="1.0" encoding="UTF-8"?>
<record
    xmlns:xsi="http://www.w3.org/2001/XMLSchema-instance"
    xsi:schemaLocation="http://www.loc.gov/MARC21/slim http://www.loc.gov/standards/marcxml/schema/MARC21slim.xsd"
    xmlns="http://www.loc.gov/MARC21/slim">

  <leader>01132nam a2200253 a 4500</leader>
  <controlfield tag="001">84019</controlfield>
  <controlfield tag="003">BD-RjUL</controlfield>
  <controlfield tag="005">20240922115505.0</controlfield>
  <controlfield tag="008">240922s19641957bg ||||| |||| 00| 0 ben d</controlfield>
  <datafield tag="035" ind1=" " ind2=" ">
    <subfield code="a">(BD-RjUL)84019</subfield>
  </datafield>
  <datafield tag="040" ind1=" " ind2=" ">
    <subfield code="a">BD-RjUL</subfield>
    <subfield code="b">eng</subfield>
    <subfield code="c">BD-RjUL</subfield>
  </datafield>
  <datafield tag="041" ind1=" " ind2=" ">
    <subfield code="a">ben</subfield>
  </datafield>
  <datafield tag="082" ind1=" " ind2=" ">
    <subfield code="2">23</subfield>
    <subfield code="a">530.11</subfield>
    <subfield code="b">LIB 1964</subfield>
  </datafield>
  <datafield tag="100" ind1=" " ind2=" ">
    <subfield code="a">&#x9AC;&#x9BE;&#x9B0;&#x9CD;&#x9A3;&#x9C7;&#x99F;, &#x9B2;&#x9BF;&#x982;&#x995;&#x9A8; </subfield>
    <subfield code="9">13559</subfield>
  </datafield>
  <datafield tag="245" ind1=" " ind2=" ">
    <subfield code="a">&#x9AC;&#x9BF;&#x9B6;&#x9CD;&#x9AC;-&#x9B0;&#x9B9;&#x9B8;&#x9CD;&#x9AF;&#x9C7; &#x986;&#x987;&#x9A8;&#x9B7;&#x9CD;&#x99F;&#x9BE;&#x987;&#x9A8; / </subfield>
    <subfield code="c">&#x9B2;&#x9BF;&#x982;&#x995;&#x9A8; &#x9AC;&#x9BE;&#x9B0;&#x9CD;&#x9A3;&#x9C7;&#x99F; &#x9B0;&#x99A;&#x9BF;&#x9A4; ; &#x985;&#x9A8;&#x9C1;&#x9AC;&#x9BE;&#x9A6; &#x98F;&#x9AE;. &#x98F;. &#x99C;&#x9BE;&#x9AC;&#x9CD;&#x9AC;&#x9BE;&#x9B0;</subfield>
  </datafield>
  <datafield tag="260" ind1=" " ind2=" ">
    <subfield code="a">&#x9A2;&#x9BE;&#x995;&#x9BE; :</subfield>
    <subfield code="b">&#x9AC;&#x9C1;&#x995; &#x9AA;&#x9CD;&#x9B0;&#x9AE;&#x9CB;&#x9B6;&#x9A8; &#x9B2;&#x9BF;&#x9AE;&#x9BF;&#x9C7;&#x99F;&#x9A1;,</subfield>
    <subfield code="c">&#x9E7;&#x9EF;&#x9EB;&#x9ED;, [&#x9AE;&#x9C1;&#x9A6;&#x9CD;&#x9B0;&#x9A3; &#x9E7;&#x9EF;&#x9EC;&#x9EA;]</subfield>
  </datafield>
  <datafield tag="300" ind1=" " ind2=" ">
    <subfield code="a">&#x9E7;&#x9EA;&#x9EA; &#x9AA;&#x9C3;.;</subfield>
    <subfield code="c">&#x9E7;&#x9EE; &#x9B8;&#x9C7;&#x9AE;&#x9BF;.</subfield>
  </datafield>
  <datafield tag="600" ind1=" " ind2=" ">
    <subfield code="a">&#x986;&#x987;&#x9A8;&#x9B8;&#x9CD;&#x99F;&#x9BE;&#x987;&#x9A8;, &#x985;&#x9CD;&#x9AF;&#x9BE;&#x9B2;&#x9AC;&#x9BE;&#x9B0;&#x9CD;&#x99F;,</subfield>
    <subfield code="d">&#x9E7;&#x9EE;&#x9ED;&#x9EF;-&#x9E7;&#x9EF;&#x9EB;&#x9EB;</subfield>
    <subfield code="9">13560</subfield>
  </datafield>
  <datafield tag="600" ind1=" " ind2=" ">
    <subfield code="c">Einstein, Albert, .</subfield>
    <subfield code="d">1879-1955</subfield>
    <subfield code="9">13561</subfield>
  </datafield>
  <datafield tag="650" ind1=" " ind2=" ">
    <subfield code="a">&#x986;&#x9AA;&#x9C7;&#x995;&#x9CD;&#x9B7;&#x9BF;&#x995;&#x9A4;&#x9BE; (&#x9AA;&#x9A6;&#x9BE;&#x9B0;&#x9CD;&#x9A5;&#x9AC;&#x9BF;&#x9A6;&#x9CD;&#x9AF;&#x9BE;)</subfield>
    <subfield code="9">13563</subfield>
  </datafield>
  <datafield tag="650" ind1=" " ind2=" ">
    <subfield code="a">Relativity (Physics)</subfield>
    <subfield code="9">4597</subfield>
  </datafield>
  <datafield tag="700" ind1=" " ind2=" ">
    <subfield code="a">&#x99C;&#x9BE;&#x9AC;&#x9CD;&#x9AC;&#x9BE;&#x9B0;, &#x98F;&#x9AE;. &#x98F;. </subfield>
    <subfield code="9">13562</subfield>
  </datafield>
  <datafield tag="942" ind1=" " ind2=" ">
    <subfield code="2">ddc</subfield>
    <subfield code="c">BK</subfield>
  </datafield>
  <datafield tag="999" ind1=" " ind2=" ">
    <subfield code="c">84019</subfield>
    <subfield code="d">84019</subfield>
  </datafield>
  <datafield tag="952" ind1=" " ind2=" ">
    <subfield code="0">0</subfield>
    <subfield code="1">0</subfield>
    <subfield code="2">ddc</subfield>
    <subfield code="4">0</subfield>
    <subfield code="7">1</subfield>
    <subfield code="8">NFIC</subfield>
    <subfield code="a">RUCL</subfield>
    <subfield code="b">RUCL</subfield>
    <subfield code="c">Reading</subfield>
    <subfield code="d">1990-07-11</subfield>
    <subfield code="e">Shokat Osman</subfield>
    <subfield code="l">0</subfield>
    <subfield code="o">B 530.11 LIB 1964</subfield>
    <subfield code="r">2024-09-22 00:00:00</subfield>
    <subfield code="t">C-1</subfield>
    <subfield code="w">2024-09-22</subfield>
    <subfield code="y">BK</subfield>
  </datafield>
</record>
